Un extraño en la niebla

Spremljeno u:
Bibliografski detalji
Glavni autor: Román, Sergio
Format: Knjiga
Jezik:Undetermined
Izdano: Quito, Ecuador Casa de la Cultura Ecuatoriana 1970
Teme:
Oznake: Dodaj oznaku
Bez oznaka, Budi prvi tko označuje ovaj zapis!

MARC

LEADER 00000nam a2200000Ia 4500
008 170316s9999 xx 000 0 und d
040 |a cru BVZT 
090 |a 860 R-25u 
100 |a Román, Sergio 
245 |a Un extraño en la niebla 
260 |a Quito, Ecuador 
260 |b Casa de la Cultura Ecuatoriana 
260 |c 1970 
300 |a 89 páginas 
650 |a LITERATURA LATINOAMERICANA 
999 |c 9152  |d 9152 
942 |c 15 D  |h 860 R-25u  |2 z